Diseño y evaluación por competencias de la estadística en el segundo grado de secundaria del Liceo Hermana Josefina Serrano, La Otra Banda, Santiago / (Record no. 14188)

MARC details
000 -LEADER
campo de control de longitud fija 01425nmm a2200313 4500
001 - NÚMERO DE CONTROL
campo de control 57786
003 - IDENTIFICADOR DE NÚMERO DE CONTROL
campo de control Biblioteca APEC
005 - FECHA Y HORA DE LA ÚLTIMA TRANSACCIÓN
campo de control 20251014103517.0
008 - DATOS DE LONGITUD FIJA--INFORMACIÓN GENERAL
campo de control de longitud fija 221015b2018 dr ||||| |||| 00| 0 spa d
040 ## - FUENTE DE CATALOGACIÓN
Centro catalogador/agencia de origen Biblioteca APEC
Lengua de catalogación spa
Centro/agencia transcriptor Biblioteca APEC
041 ## - CÓDIGO DE IDIOMA
Código de lengua del texto/banda sonora o título independiente spa
072 ## - CÓDIGO DE CATEGORÍA DE MATERIA
Código de categoría de materia Facultad de Humanidades
090 ## - LOCALMENTE ASIGNADO TIPO-LC NÚMERO DE CLASIFICACIÓN (OCLC); NÚMERO DE CLASIFICACIÓN LOCAL (RLIN)
Número de clasificación (OCLC) (R) ; Numero de clasificación, CALL (RLIN) (NR) eT TPG-CI MMM-09 2018
100 10 - ENTRADA PRINCIPAL--NOMBRE DE PERSONA
Nombre de persona Almonte Álvarez, Daysi
Término indicativo de función/relación autor
9 (RLIN) 111116
245 10 - MENCIÓN DEL TÍTULO
Título Diseño y evaluación por competencias de la estadística en el segundo grado de secundaria del Liceo Hermana Josefina Serrano, La Otra Banda, Santiago /
Mención de responsabilidad, etc. Daysi Almonte Álvarez ; asesor: Santiago de Jesús Artidiello Moreno
260 ## - PUBLICACIÓN, DISTRIBUCIÓN, ETC.
Lugar de publicación, distribución, etc. Santo Domingo :
Nombre del editor, distribuidor, etc. Universidad APEC,
Fecha de publicación, distribución, etc. 2018
300 ## - DESCRIPCIÓN FÍSICA
Extensión 1 CD ROM
336 ## - TIPO DE CONTENIDO
Término de tipo de contenido Texto
Código de tipo de contenido txt
Fuente rdacontent
337 ## - TIPO DE MEDIO
Nombre/término del tipo de medio ordenador
Código del tipo de medio c
Fuente rdamedia
338 ## - TIPO DE SOPORTE
Nombre/término del tipo de soporte recurso en línea
Código del tipo de soporte cr
Fuente rdacarrier
500 ## - NOTA GENERAL
Nota general Tesis en Formato PDF.<br/>Tesis en Formato Electrónico.<br/>Tesis en Formato Digital.
502 ## - NOTA DE TESIS
Nota de tesis Tesis (Maestría en la Enseñanza de Matemática Media-Superior) - Universidad APEC, 2018
650 #7 - PUNTO DE ACCESO ADICIONAL DE MATERIA--TÉRMINO DE MATERIA
Fuente del encabezamiento o término lemb
Término de materia o nombre geográfico como elemento de entrada Matematicas
Subdivisión general Enseñanza
9 (RLIN) 111117
650 #7 - PUNTO DE ACCESO ADICIONAL DE MATERIA--TÉRMINO DE MATERIA
Fuente del encabezamiento o término lemb
Término de materia o nombre geográfico como elemento de entrada Estadística
9 (RLIN) 111118
700 #0 - ENTRADA AGREGADA--NOMBRE PERSONAL
Nombre de persona Artidiello Moreno, Santiago de Jesús
Término indicativo de función/relación asesor
9 (RLIN) 89610
856 ## - LOCALIZACIÓN Y ACCESO ELECTRÓNICOS
Identificador Uniforme de Recurso <a href="https://bibliotecaunapec.blob.core.windows.net/tesis/TPG_C1_MMM_09_2018_eT220438.pdf">https://bibliotecaunapec.blob.core.windows.net/tesis/TPG_C1_MMM_09_2018_eT220438.pdf</a>
Texto de enlace Hacer clic para ver el PDF (1.16 MB). Trabajo de posgrado
912 ## -
-- AJRP
-- AJIM
942 ## - ELEMENTOS DE ENTRADA SECUNDARIOS (KOHA)
Fuente de la clasificación o esquema de estantería Clasificación Decimal Dewey
Tipo de ítem Koha

No items available.

© 2024. Todos los Derechos Reservados. Desarrollado por IDEICE